000 01219nji a22002777a 4500
005 20100904141054.0
006 a|||||r|||||00| 0
007 sd ammalaaahaa
008 100830t xxu||||| |||| 00| 0 eng d
028 _aN 50513
_bHis Master's Voice
035 _aGR-506
040 _aSED
_cSED
100 _917455
_aMangeshkar, Lata
245 _aDo bigan zamin/
_cby Lata Mangeshkar [and] Manna Dey ; music by Sahi Chaoudhary ; lyrics by Shelendra
_h[sound recording] :
246 _aदो बिघन ज़मीन / लता मंगेशकर द्वारा
260 _aDum Dum, India
_bHis Master's Voice
300 _a1 sound disc [Gramophone Recording]:
_banalog, 33 1/3 rpm
_c9.5 in. (MP)
_fGramophone Record
500 _aBrief Record
505 _aSide-1 हरियाली सावन (Hariyali Savan) (Lata Mangeshkar) --Side-2 धरती कहे पुकारके (Dhrti kahe pukarke ) (Lata Mangeshkar)
650 _aClassical music
_zIndia
_91186
_xExcerpts
700 _917416
_aDey, Manna
700 _917456
_aSahi Choudhary
700 _918315
_aSalender
942 _2ddc
_cGR
999 _c43765
_d43765